Vplyv finančnej štruktúry na financovanie podniku jej optimalizácia bakalárska práca

Enregistré dans:
Détails bibliographiques
Auteur principal: Konôpková, Terézia
Collectivité auteur: Fakulta podnikového manažmentu EU. Katedra podnikových financií
Autres auteurs: Harumová, Anna, 1955-
Format: Livre
Langue:slovaque
Publié: Bratislava 2024
Tags: Ajouter un tag
Pas de tags, Soyez le premier à ajouter un tag!

MARC

LEADER 00000nbm a2200000 4500
001 0301913
005 20250224105729.5
041 0 |a slo 
044 |a SK 
245 1 0 |a Vplyv finančnej štruktúry na financovanie podniku jej optimalizácia  |b bakalárska práca  |c Terézia Konôpková ; školiteľ: Anna Harumová 
264 1 |a Bratislava  |c 2024 
300 |a 55 s. 
100 1 |a Konôpková, Terézia 
700 1 |a Harumová, Anna, 1955- 
710 2 |a Fakulta podnikového manažmentu EU. Katedra podnikových financií